[Event "IX Floripa Chess Open Fort Atacadista"]
[Site "Florianópolis - Santa Catari"]
[Date "2023.01.27"]
[Round "7.93"]
[White "Carvalho Jr, Celestino"]
[Black "Reinaldo Dos Santos, Julio"]
[Result "1-0"]
[WhiteElo "1953"]
[BlackElo "1749"]
[PlyCount "71"]
[EventDate "2023.01.23"]
[EventRounds "10"]
[EventCountry "BRA"]

1. Nf3 c5 2. e4 Nc6 3. d3 d6 4. g3 g6 5. Bg2 Bg7 6. Nbd2 e5 7. a4 Nge7 8. Nc4
O-O 9. O-O h6 10. Ne3 Be6 11. c4 f5 12. Nd5 fxe4 13. dxe4 Qd7 14. Ne1 Rf7 15.
Be3 Raf8 16. b3 Nd4 17. Rb1 Nec6 18. f3 g5 19. g4 h5 20. h3 hxg4 21. hxg4 Bh6
22. Qd2 Bxg4 23. Bxg5 Bg7 24. fxg4 Rxf1+ 25. Bxf1 Qxg4+ 26. Qg2 Qe6 27. Rb2 Rf7
28. Rf2 Rxf2 29. Kxf2 Nxb3 30. Be2 Qg6 31. Nc2 Kh7 32. Qg4 Nbd4 33. Nxd4 exd4
34. Ne7 Nxe7 35. Bxe7 Qf7+ 36. Bf3 1-0

[Event "IX Floripa Chess Open Fort Atacadista"]
[Site "Florianópolis - Santa Catari"]
[Date "2023.01.27"]
[Round "7.94"]
[White "Ferraz, Michel Liah"]
[Black "Cabral, Vinicius Albuquerqu"]
[Result "1-0"]
[WhiteElo "1947"]
[BlackElo "1744"]
[PlyCount "131"]
[EventDate "2023.01.23"]
[EventRounds "10"]
[EventCountry "BRA"]

1. d4 Nf6 2. c4 g6 3. Nc3 d5 4. Nf3 Bg7 5. Bg5 dxc4 6. e3 Be6 7. Ne5 Nd5 8.
Nxc4 h6 9. Bh4 c5 10. Ne5 O-O 11. Be2 cxd4 12. exd4 Qa5 13. O-O Qb4 14. a3 Qxb2
15. Na4 Nc3 16. Nxb2 Nxd1 17. Rfxd1 g5 18. Bg3 f6 19. Bc4 Bxc4 20. Nexc4 Nd7
21. Rac1 Rfe8 22. Nd3 b5 23. Na5 Nb6 24. Nb4 Rec8 25. h3 f5 26. Be5 Bf8 27. g4
fxg4 28. hxg4 e6 29. Kf1 Nc4 30. Nxc4 bxc4 31. Rc3 a5 32. Nc2 Ra6 33. Ne3 Bd6
34. Rxc4 Rd8 35. Bxd6 Raxd6 36. Ke2 Kf7 37. a4 Kg6 38. Rc5 h5 39. gxh5+ Kxh5
40. Rh1+ Kg6 41. Rg1 Rxd4 42. Rgxg5+ Kf7 43. Rxa5 Rb4 44. Rgb5 Rbd4 45. Ra7+
Kf6 46. a5 Ra4 47. Kf3 Ra3 48. Ra6 Rg8 49. Rbb6 Re8 50. Ra7 Ke5 51. Rb2 Rf8+
52. Ke2 Rf4 53. Rh7 Raa4 54. Rh6 Rfe4 55. Kf3 Rf4+ 56. Kg3 Rf7 57. Rb5+ Kd6 58.
Rhh5 Rg7+ 59. Rhg5 Rc7 60. Rb6+ Kd7 61. Rg7+ Kc8 62. Rxc7+ Kxc7 63. Rxe6 Rxa5
64. f4 Kd7 65. f5 Kd8 66. f6 1-0

[Event "IX Floripa Chess Open Fort Atacadista"]
[Site "Florianópolis - Santa Catari"]
[Date "2023.01.27"]
[Round "7.95"]
[White "Constantino, Pedro Henrique"]
[Black "Reichert, Thiago Da Cruz"]
[Result "1/2-1/2"]
[WhiteElo "1727"]
[BlackElo "1930"]
[PlyCount "53"]
[EventDate "2023.01.23"]
[EventRounds "10"]
[EventCountry "BRA"]

1. e4 e6 2. d4 d5 3. Nc3 Nf6 4. e5 Nfd7 5. f4 c5 6. Nf3 Nc6 7. Be3 a6 8. Be2 b5
9. O-O Qb6 10. Qd2 cxd4 11. Nxd4 Bc5 12. Rad1 O-O 13. Bf3 Nxd4 14. Bxd4 a5 15.
Ne2 b4 16. Bxc5 Qxc5+ 17. Nd4 Ba6 18. Be2 Bxe2 19. Qxe2 g6 20. h3 Rac8 21. Rd3
Qb6 22. Qf2 Nc5 23. Nb3 Rc6 24. Nxc5 Qxc5 25. Qxc5 Rxc5 26. Rf2 Rfc8 27. Rdd2
1/2-1/2

[Event "IX Floripa Chess Open Fort Atacadista"]
[Site "Florianópolis - Santa Catari"]
[Date "2023.01.27"]
[Round "7.96"]
[White "Fischer, Ivo Lucio"]
[Black "Cordioli, Jairo Ribeiro"]
[Result "0-1"]
[WhiteElo "1926"]
[BlackElo "1735"]
[PlyCount "54"]
[EventDate "2023.01.23"]
[EventRounds "10"]
[EventCountry "BRA"]

1. d4 d5 2. c4 e6 3. Nc3 Nf6 4. cxd5 exd5 5. Bg5 Nbd7 6. e3 Be7 7. Bd3 O-O 8.
Nge2 c6 9. Qc2 Re8 10. O-O Nf8 11. Rac1 Ne4 12. Bxe7 Qxe7 13. Bxe4 dxe4 14. d5
Ng6 15. dxc6 bxc6 16. Na4 Ba6 17. Nc5 Bxe2 18. Qxe2 Qg5 19. f4 exf3 20. Rxf3
Re5 21. Nd3 Re6 22. Qf2 Rd8 23. Nf4 Red6 24. Rf1 Nxf4 25. exf4 Qe7 26. Qg3 Qd7
27. a3 Rd5 0-1

[Event "IX Floripa Chess Open Fort Atacadista"]
[Site "Florianópolis - Santa Catari"]
[Date "2023.01.27"]
[Round "7.97"]
[White "Pavoni, Felipe Stevanin"]
[Black "Rodriguez Farias, Eduardo"]
[Result "0-1"]
[WhiteElo "1674"]
[BlackElo "1919"]
[PlyCount "170"]
[EventDate "2023.01.23"]
[EventRounds "10"]
[EventCountry "BRA"]

1. e4 a6 2. Nf3 c5 3. d4 cxd4 4. Nxd4 Nf6 5. Nc3 e5 6. Nde2 Bc5 7. Ng3 Qb6 8.
Qf3 Nc6 9. Nf5 O-O 10. Qg3 Nh5 11. Qh4 g6 12. Nh6+ Kg7 13. Be2 Be7 14. Nf5+
gxf5 15. Qxh5 Nd4 16. Nd5 Qd8 17. Bh6+ Kg8 18. exf5 Kh8 19. Nxe7 Qxe7 20. Bxf8
Qxf8 21. O-O-O d5 22. Bd3 f6 23. c3 Nc6 24. Bc2 d4 25. Rd3 Bd7 26. g4 Qg7 27.
Kb1 e4 28. Rxd4 Nxd4 29. cxd4 Bc6 30. Re1 Qc7 31. Qh6 Re8 32. h4 Rg8 33. f3 Qd6
34. Bb3 Rg7 35. fxe4 Qg3 36. Rd1 Bxe4+ 37. Ka1 Qxg4 38. Qxf6 Bd5 39. Qd8+ Bg8
40. f6 Rd7 41. Qxg8+ Qxg8 42. Bxg8 Kxg8 43. Re1 Kf8 44. Re4 Rd6 45. Rf4 Kf7 46.
Kb1 Rc6 47. a3 b6 48. b3 Rc3 49. Kb2 Rd3 50. Kc2 Re3 51. b4 Rxa3 52. Kd2 a5 53.
bxa5 Rxa5 54. Kd3 Ra1 55. d5 Ra3+ 56. Kc2 Ra2+ 57. Kb3 Rd2 58. Rf5 Rd4 59. h5
b5 60. Kc3 Rc4+ 61. Kb3 Rd4 62. Kc3 Rc4+ 63. Kd3 Rc8 64. Kd4 b4 65. Ke5 b3 66.
Rf1 Re8+ 67. Kd6 Rd8+ 68. Kc6 Rc8+ 69. Kb7 Rd8 70. Kc6 Rc8+ 71. Kd7 Rc2 72. Rb1
b2 73. d6 h6 74. Kd8 Rd2 75. d7 Rc2 76. Rxb2 Rxb2 77. Kc8 Rc2+ 78. Kb8 Rd2 79.
Kc8 Kxf6 80. d8=Q+ Rxd8+ 81. Kxd8 Kg5 82. Ke7 Kxh5 83. Ke6 Kg4 84. Ke5 Kg3 85.
Ke4 h5 0-1

[Event "IX Floripa Chess Open Fort Atacadista"]
[Site "Florianópolis - Santa Catari"]
[Date "2023.01.27"]
[Round "7.98"]
[White "Muzzi, Eduardo"]
[Black "Silverio, Vitor Luis De Jesus"]
[Result "1-0"]
[WhiteElo "1917"]
[BlackElo "1682"]
[PlyCount "59"]
[EventDate "2023.01.23"]
[EventRounds "10"]
[EventCountry "BRA"]

1. e4 c5 2. Nf3 d6 3. d4 cxd4 4. Qxd4 Nc6 5. Bb5 Bd7 6. Bxc6 Bxc6 7. Nc3 Nf6 8.
Bg5 h6 9. Bh4 g5 10. Bg3 Bg7 11. Qd3 Qa5 12. O-O O-O 13. Nd4 Bd7 14. Rfe1 Ng4
15. Nd5 Rfe8 16. c3 e6 17. Nb3 Qd8 18. Ne3 Nxe3 19. Rxe3 d5 20. exd5 exd5 21.
Rae1 Rxe3 22. Qxe3 Qb6 23. Qxb6 axb6 24. a3 Be6 25. Be5 Bxe5 26. Rxe5 Kg7 27.
Nd4 Kf6 28. Re3 Rc8 29. Rf3+ Ke7 30. Rg3 1-0

[Event "IX Floripa Chess Open Fort Atacadista"]
[Site "Florianópolis - Santa Catari"]
[Date "2023.01.27"]
[Round "7.99"]
[White "Cerrato, Alex"]
[Black "Messias, Jose Vitor Lamosa P"]
[Result "1-0"]
[WhiteElo "1915"]
[BlackElo "1661"]
[PlyCount "33"]
[EventDate "2023.01.23"]
[EventRounds "10"]
[EventCountry "BRA"]

1. d4 e6 2. Nc3 Nf6 3. Bf4 d5 4. e3 c5 5. Nf3 a6 6. Be2 Nc6 7. Ne5 Be7 8. Qd2
Bd7 9. g4 cxd4 10. exd4 Qb6 11. O-O-O Rc8 12. g5 Ne4 13. Nxe4 dxe4 14. Nxd7
Kxd7 15. d5 Nb4 16. dxe6+ Kxe6 17. Qd7# 1-0

[Event "IX Floripa Chess Open Fort Atacadista"]
[Site "Florianópolis - Santa Catari"]
[Date "2023.01.27"]
[Round "7.100"]
[White "Miranda, Marina Lima"]
[Black "Feller, Gabriela Luisa Vice"]
[Result "0-1"]
[WhiteElo "1672"]
[BlackElo "1914"]
[PlyCount "64"]
[EventDate "2023.01.23"]
[EventRounds "10"]
[EventCountry "BRA"]

1. e4 c6 2. d4 d5 3. exd5 cxd5 4. Bd3 Nc6 5. c3 Nf6 6. Bf4 Bg4 7. Nf3 e6 8.
Nbd2 Bd6 9. Bxd6 Qxd6 10. Qb3 Rb8 11. h3 Bh5 12. a4 O-O 13. O-O b6 14. Rae1 Bg6
15. Bxg6 hxg6 16. Ne5 Rfe8 17. f4 Na5 18. Qc2 Nc4 19. Ndxc4 dxc4 20. Qe2 Qd5
21. Ng4 b5 22. Nxf6+ gxf6 23. axb5 Rxb5 24. Ra1 Reb8 25. Rxa7 Rxb2 26. Qf3 Qb5
27. Rc7 Rc2 28. Rc5 Qb3 29. d5 Rxc3 30. Qf2 exd5 31. Rxd5 Rc2 32. Qd4 Qb6 0-1

[Event "IX Floripa Chess Open Fort Atacadista"]
[Site "Florianópolis - Santa Catari"]
[Date "2023.01.27"]
[Round "7.101"]
[White "Da Luz, Felipe Garcia"]
[Black "Martins, Giovanni Custodio"]
[Result "1-0"]
[WhiteElo "1914"]
[BlackElo "1658"]
[PlyCount "43"]
[EventDate "2023.01.23"]
[EventRounds "10"]
[EventCountry "BRA"]

1. e4 c5 2. Nc3 Nc6 3. f4 d6 4. Bc4 g6 5. Nf3 Bg7 6. O-O Nf6 7. d3 O-O 8. Qe1
a6 9. a4 b6 10. Qh4 e6 11. f5 d5 12. Ba2 d4 13. Ne2 exf5 14. Bg5 fxe4 15. dxe4
Qd6 16. e5 Nxe5 17. Nxe5 Qxe5 18. Bxf6 Qxe2 19. Bxg7 Kxg7 20. Qf6+ Kh6 21. Rae1
Qh5 22. Rf4 1-0

[Event "IX Floripa Chess Open Fort Atacadista"]
[Site "Florianópolis - Santa Catari"]
[Date "2023.01.27"]
[Round "7.102"]
[White "Bassani, Jaison Jose"]
[Black "Amarilla Ettiene, Ezequiel"]
[Result "1-0"]
[WhiteElo "1913"]
[BlackElo "1616"]
[PlyCount "73"]
[EventDate "2023.01.23"]
[EventRounds "10"]
[EventCountry "BRA"]

1. e4 c5 2. Nf3 e6 3. d3 g6 4. g3 Bg7 5. Bg2 Ne7 6. O-O O-O 7. Re1 d5 8. Nbd2
Nbc6 9. h4 h5 10. e5 Qc7 11. Qe2 Nf5 12. c3 b5 13. Nf1 a5 14. Bg5 b4 15. N1h2
a4 16. a3 bxc3 17. bxc3 Rb8 18. g4 Nfe7 19. Bf6 Rb3 20. gxh5 Nf5 21. Bh3 Bxf6
22. exf6 Qf4 23. Kh1 Nxh4 24. hxg6 Nxf3 25. Qxf3 Qxf3+ 26. Nxf3 Rxc3 27. g7 Re8
28. Ng5 Nd4 29. Re3 Ba6 30. Bg4 Rxd3 31. Rxd3 Bxd3 32. Bh5 Be4+ 33. Kg1 Nf3+
34. Nxf3 Bxf3 35. Bxf3 e5 36. Bxd5 Rd8 37. Rb1 1-0

[Event "IX Floripa Chess Open Fort Atacadista"]
[Site "Florianópolis - Santa Catari"]
[Date "2023.01.27"]
[Round "7.104"]
[White "Reis, Virginia Lagrange M"]
[Black "Passos, Rafael Moreira"]
[Result "0-1"]
[WhiteElo "1652"]
[BlackElo "1891"]
[PlyCount "58"]
[EventDate "2023.01.23"]
[EventRounds "10"]
[EventCountry "BRA"]

1. e4 c5 2. Nf3 Nc6 3. b3 e5 4. Bb2 d6 5. c3 Nf6 6. Bd3 Bg4 7. O-O Be7 8. h3
Bh5 9. Re1 h6 10. Bc2 g5 11. g4 Bg6 12. d4 Qc7 13. d5 Nb8 14. Nbd2 Nbd7 15. a4
O-O-O 16. Kg2 h5 17. Nh2 Rh6 18. f3 Rdh8 19. Rh1 hxg4 20. hxg4 Qd8 21. Qe2 Qg8
22. a5 Nxd5 23. exd5 Bxc2 24. a6 Qh7 25. axb7+ Kb8 26. Kg1 Bd3 27. Qf2 Nf8 28.
c4 Ng6 29. b4 Nf4 0-1

[Event "IX Floripa Chess Open Fort Atacadista"]
[Site "Florianópolis - Santa Catari"]
[Date "2023.01.27"]
[Round "7.105"]
[White "De Freitas, Isabella Ribeiro Co"]
[Black "Barbosa, Kassio Rodrigo"]
[Result "1-0"]
[WhiteElo "1886"]
[BlackElo "1540"]
[PlyCount "165"]
[EventDate "2023.01.23"]
[EventRounds "10"]
[EventCountry "BRA"]

1. c4 Nf6 2. Nc3 g6 3. e4 d6 4. d4 Bg7 5. Nf3 O-O 6. Be2 Na6 7. O-O e5 8. d5
Nc5 9. Qc2 a5 10. Bg5 h6 11. Bh4 Qe8 12. Ne1 Bd7 13. f3 Nh5 14. b3 Nf4 15. a3
f5 16. Nd3 Ncxd3 17. Bxd3 g5 18. Bf2 Qh5 19. Ne2 Nh3+ 20. gxh3 f4 21. Be1 Bxh3
22. Rf2 g4 23. fxg4 Qxg4+ 24. Kh1 Bf6 25. Ng1 Bh4 26. Be2 Qd7 27. Rf3 Bxe1 28.
Nxh3 Bh4 29. Rg1+ Kh7 30. Qd3 Rg8 31. Bf1 Rxg1+ 32. Nxg1 Qg4 33. Bh3 Qg7 34.
Rf1 Rg8 35. Nf3 Qf6 36. Rg1 Bf2 37. Rxg8 Kxg8 38. Qf1 Be3 39. Qg2+ Qg7 40. b4
axb4 41. axb4 Qxg2+ 42. Kxg2 Kg7 43. Bf5 Kf6 44. Kh3 Kg7 45. Kg4 Bf2 46. Kh5
Be3 47. Bc8 b6 48. Nh4 Kh7 49. Nf5 Bd2 50. Nxh6 f3 51. Nf5 Bf4 52. Ng3 f2 53.
Bh3 Bd2 54. b5 Kg7 55. Kg4 Kg6 56. Kf3 Be1 57. Bf1 Kg5 58. Nf5 Kf6 59. Bg2 Kf7
60. Ne3 Kf6 61. Ng4+ Kg5 62. Nxf2 Kh4 63. Ng4 Bd2 64. Nf6 Bg5 65. Ne8 Bd8 66.
Ng7 Bf6 67. Ne6 Bg5 68. Nxc7 Bd2 69. Ne8 Bb4 70. Ng7 Bc5 71. Nf5+ Kg5 72. Ng7
Kg6 73. Ne6 Bg1 74. Kg3 Kh6 75. Bf3 Kh7 76. Nf8+ Kg7 77. Ne6+ Kh6 78. h4 Be3
79. Kg4 Kh7 80. Kf5 Kg8 81. Bg4 Kf7 82. h5 Ke7 83. Kg6 1-0

[Event "IX Floripa Chess Open Fort Atacadista"]
[Site "Florianópolis - Santa Catari"]
[Date "2023.01.27"]
[Round "7.106"]
[White "Ramazzotte, Alexandre Franco"]
[Black "Marques, Eudes Pinto"]
[Result "1/2-1/2"]
[WhiteElo "1649"]
[BlackElo "1882"]
[PlyCount "140"]
[EventDate "2023.01.23"]
[EventRounds "10"]
[EventCountry "BRA"]

1. e4 c5 2. Nf3 Nc6 3. d4 cxd4 4. Nxd4 Nf6 5. Nc3 e6 6. Be2 Bb4 7. O-O O-O 8.
Nxc6 bxc6 9. e5 Bxc3 10. bxc3 Nd5 11. Qd4 Qb6 12. Ba3 Re8 13. Bd3 Qxd4 14. cxd4
a5 15. c4 Nf4 16. Rfd1 Nxd3 17. Rxd3 Ba6 18. Rc3 Reb8 19. Rc2 f6 20. Bd6 Rb7
21. a4 Rb3 22. f4 f5 23. Ra3 Rab8 24. Rxb3 Rxb3 25. Kf2 Rb1 26. d5 h6 27. dxe6
dxe6 28. Rc3 Rb2+ 29. Kg3 Kh7 30. h4 Ra2 31. Ba3 Kg6 32. Kh3 Kh5 33. Bf8 g5 34.
hxg5 hxg5 35. fxg5 Rxa4 36. Be7 Rxc4 37. Rxc4 Bxc4 38. Kg3 Bd5 39. Kf2 a4 40.
Kg3 c5 41. Bxc5 Kxg5 42. Be3+ Kg6 43. Bc5 Kf7 44. Kf2 Ke8 45. g3 Kd7 46. Ke3
Kc6 47. Kd4 Bf3 48. Bf8 Bg4 49. Ba3 f4 50. gxf4 Kd7 51. Bd6 Ke8 52. Ba3 Kf7 53.
Bd6 Kg6 54. Ke3 Kh5 55. Be7 Bd1 56. Bb4 Kg4 57. Bd6 Bc2 58. Ba3 Kg3 59. Bd6 Kg2
60. Ke2 Bg6 61. Bb4 Bh5+ 62. Ke3 Bg4 63. Bc5 Kf1 64. Bb4 Bh5 65. Bc5 Ke1 66.
Bb4+ Kd1 67. Kd3 Bg6+ 68. Kc3 Kc1 69. Ba3+ Kb1 70. Kb4 Be4 1/2-1/2

[Event "IX Floripa Chess Open Fort Atacadista"]
[Site "Florianópolis - Santa Catari"]
[Date "2023.01.27"]
[Round "7.107"]
[White "Calsing, Ado"]
[Black "Monauer, Caique"]
[Result "1-0"]
[WhiteElo "1863"]
[BlackElo "1533"]
[PlyCount "61"]
[EventDate "2023.01.23"]
[EventRounds "10"]
[EventCountry "BRA"]

1. d4 d5 2. c4 e6 3. Nc3 Nf6 4. Bg5 Be7 5. e3 O-O 6. Nf3 Nbd7 7. Qc2 h6 8. Bf4
a6 9. cxd5 exd5 10. Bd3 Re8 11. O-O Nf8 12. Rab1 b6 13. Rfc1 Ne6 14. Bg3 c5 15.
dxc5 bxc5 16. Rd1 Qa5 17. Bf5 Bb7 18. Bxe6 fxe6 19. Ne5 Bf8 20. Qg6 Re7 21. Bh4
Kh8 22. Nf7+ Rxf7 23. Qxf7 Qb6 24. Bxf6 gxf6 25. Ne2 Bd6 26. Nf4 Bxf4 27. Qxf6+
Kh7 28. Qf7+ Kh8 29. Qxf4 Kh7 30. Qf7+ Kh8 31. Qg6 1-0

[Event "IX Floripa Chess Open Fort Atacadista"]
[Site "Florianópolis - Santa Catari"]
[Date "2023.01.27"]
[Round "7.108"]
[White "Bitencourt, Evandro Jose Dos S"]
[Black "Silva, Juliana Figueira Th"]
[Result "1-0"]
[WhiteElo "1859"]
[BlackElo "1393"]
[PlyCount "89"]
[EventDate "2023.01.23"]
[EventRounds "10"]
[EventCountry "BRA"]

1. d4 Nf6 2. Bf4 g6 3. Nc3 d5 4. Nb5 Na6 5. e3 c6 6. Nc3 Bg7 7. Nf3 O-O 8. Be2
Nc7 9. h3 b6 10. O-O Bb7 11. Be5 c5 12. Nb1 e6 13. c3 Rc8 14. Nbd2 Qe7 15. Bd3
Rfd8 16. Nh2 Nce8 17. Qe2 h5 18. Rad1 Nd6 19. f3 Re8 20. Qf2 c4 21. Bb1 b5 22.
Rde1 a5 23. e4 Qd7 24. Bxf6 Bxf6 25. e5 Bg5 26. exd6 Qxd6 27. f4 Bf6 28. Ndf3
Bg7 29. Ng5 Qd8 30. g4 hxg4 31. hxg4 Rf8 32. f5 exf5 33. gxf5 Qxg5+ 34. Qg2 Qh5
35. f6 Bh6 36. Qg4 Qxg4+ 37. Nxg4 Bd2 38. Re2 Bg5 39. Rh2 Ra8 40. Nh6+ Bxh6 41.
Rxh6 Rfc8 42. Kg2 Ra6 43. Rfh1 Rxf6 44. Rh8+ Kg7 45. R1h7# 1-0

[Event "IX Floripa Chess Open Fort Atacadista"]
[Site "Florianópolis - Santa Catari"]
[Date "2023.01.27"]
[Round "7.109"]
[White "Luz, Christian Oliveira"]
[Black "Cardozo, Matheus Santos"]
[Result "0-1"]
[WhiteElo "1594"]
[BlackElo "1856"]
[PlyCount "56"]
[EventDate "2023.01.23"]
[EventRounds "10"]
[EventCountry "BRA"]

1. e4 c6 2. d4 d5 3. e5 Bf5 4. Nd2 e6 5. Nb3 Nd7 6. Nf3 a6 7. a4 c5 8. dxc5
Nxc5 9. Nfd4 Nxb3 10. cxb3 Bg6 11. Bd2 Bc5 12. Bc3 Ne7 13. b4 Bb6 14. b5 O-O
15. Bd3 Qd7 16. O-O Rfc8 17. Rc1 Bxd4 18. Bxg6 Bxc3 19. Bxh7+ Kxh7 20. Qd3+ Kg8
21. bxc3 axb5 22. axb5 Ra3 23. f4 d4 24. Rfd1 Qd5 25. Qb1 Ra2 26. Rc2 Rxc2 27.
Qxc2 Rxc3 28. Qa4 d3 0-1

[Event "IX Floripa Chess Open Fort Atacadista"]
[Site "Florianópolis - Santa Catari"]
[Date "2023.01.27"]
[Round "7.110"]
[White "Fraga, Heitor Carneiro"]
[Black "Pimenta, Elisandro Da Silva"]
[Result "1-0"]
[WhiteElo "1556"]
[BlackElo "1855"]
[PlyCount "83"]
[EventDate "2023.01.23"]
[EventRounds "10"]
[EventCountry "BRA"]

1. e4 e6 2. d4 d5 3. Nd2 Nf6 4. e5 Nfd7 5. Ngf3 c5 6. c3 Nc6 7. Bd3 g5 8. h3 h5
9. Bc2 Bg7 10. Nb3 g4 11. hxg4 c4 12. Nbd2 hxg4 13. Rxh8+ Bxh8 14. Nh2 Qh4 15.
Ndf1 f5 16. exf6 Nxf6 17. Qd2 Qh5 18. Qg5 Qxg5 19. Bxg5 e5 20. dxe5 Nxe5 21.
Bxf6 Bxf6 22. Ne3 Be6 23. O-O-O Rd8 24. Kb1 Kf7 25. Nhf1 Nc6 26. Nd2 Rh8 27.
Bf5 Bxf5+ 28. Nxf5 Ne5 29. Ne3 Ke6 30. Ndf1 Rd8 31. Nh2 g3 32. fxg3 Nd3 33. Nf3
b5 34. Nc2 Rg8 35. Ncd4+ Bxd4 36. Nxd4+ Kd6 37. Nxb5+ Kc5 38. Nd4 Rxg3 39. Rd2
Re3 40. Re2 Rg3 41. Re6 Nb4 42. a3 1-0

[Event "IX Floripa Chess Open Fort Atacadista"]
[Site "Florianópolis - Santa Catari"]
[Date "2023.01.27"]
[Round "7.111"]
[White "Dias, Clara"]
[Black "Moyses Sobrinho, Elias"]
[Result "0-1"]
[WhiteElo "1430"]
[BlackElo "1852"]
[PlyCount "68"]
[EventDate "2023.01.23"]
[EventRounds "10"]
[EventCountry "BRA"]

1. e4 d5 2. exd5 Nf6 3. Nf3 Nxd5 4. c4 Nb6 5. d4 Bf5 6. Nc3 e6 7. Be3 Nc6 8.
Be2 Be7 9. O-O O-O 10. h3 h6 11. Bd3 Bxd3 12. Qxd3 Bf6 13. Ne4 Qe7 14. Rfd1
Rfd8 15. Qe2 Nc8 16. d5 exd5 17. Nxf6+ Qxf6 18. cxd5 Ne5 19. Nh2 Ng6 20. Ng4
Qe7 21. Qc2 Nb6 22. Qb3 h5 23. Nh2 Qe4 24. Rd4 Qe5 25. Rad1 Rd6 26. Nf1 h4 27.
Bc1 Rad8 28. Ne3 Qh5 29. a4 Ne7 30. a5 Nbxd5 31. Qxb7 Nxe3 32. Rxd6 cxd6 33.
Qxe7 Qxd1+ 34. Kh2 Nf1+ 0-1

[Event "IX Floripa Chess Open Fort Atacadista"]
[Site "Florianópolis - Santa Catari"]
[Date "2023.01.27"]
[Round "7.112"]
[White "De Souza, Nicolas Gabriel"]
[Black "Ferreira, Gabriel Duque"]
[Result "0-1"]
[WhiteElo "1326"]
[BlackElo "1848"]
[PlyCount "81"]
[EventDate "2023.01.23"]
[EventRounds "10"]
[EventCountry "BRA"]

1. e4 c5 2. Nf3 Nc6 3. Bb5 g6 4. O-O Bg7 5. Re1 Nf6 6. c3 O-O 7. d4 d5 8. e5
Ne4 9. Nbd2 cxd4 10. cxd4 Nxd2 11. Bxd2 Bg4 12. Bxc6 bxc6 13. Rc1 Qb6 14. Bc3
f6 15. e6 Bh6 16. Bd2 Bxf3 17. gxf3 Bxd2 18. Qxd2 Rfd8 19. f4 Kh8 20. Re3 Rd6
21. b3 Qd8 22. Qe2 Qg8 23. Kf1 f5 24. Rc5 Qg7 25. Re5 Qh6 26. Qe3 Qxh2 27. Qg3
Qh1+ 28. Qg1 Qxg1+ 29. Kxg1 a5 30. Re3 Ra6 31. Kf1 Kg7 32. Ke2 Kf6 33. Kd3 h6
34. Ke2 g5 35. fxg5+ hxg5 36. Kf3 Rxe6 37. Rxe6+ Kxe6 38. Rc3 Kd6 39. Re3 e6
40. Rc3 Ra8 41. Rc5 0-1

[Event "IX Floripa Chess Open Fort Atacadista"]
[Site "Florianópolis - Santa Catari"]
[Date "2023.01.27"]
[Round "7.113"]
[White "Silver, Fernanda Luise"]
[Black "Carvalho, Felipe Lobo C."]
[Result "1-0"]
[WhiteElo "1800"]
[BlackElo "2068"]
[PlyCount "113"]
[EventDate "2023.01.23"]
[EventRounds "10"]
[EventCountry "BRA"]

1. e4 c5 2. c3 e6 3. d4 d5 4. exd5 exd5 5. Nf3 Nf6 6. Bd3 Bg4 7. Nbd2 cxd4 8.
Qa4+ Nbd7 9. Nxd4 Qe7+ 10. Be2 Bxe2 11. Nxe2 Qe6 12. h3 Bd6 13. Nf3 O-O 14.
Nfd4 Qe4 15. O-O a6 16. Bg5 Nc5 17. Qd1 Nh5 18. Qd2 Rae8 19. Rad1 f6 20. Be3
Re5 21. g4 Rfe8 22. gxh5 Rxh5 23. Rfe1 Rxh3 24. Kf1 Qg4 25. Ng1 Ne4 26. Qe2 Qh4
27. Nf5 Qh5 28. Qxh5 Rxh5 29. Nxd6 Nxd6 30. Bf4 Rxe1+ 31. Rxe1 Ne4 32. f3 Rf5
33. Bc7 Kf7 34. Ke2 Nc5 35. Kd2 h5 36. Re3 h4 37. Nh3 g5 38. b4 Ne6 39. Bb8 d4
40. Rd3 dxc3+ 41. Kxc3 Ke7 42. Nf2 Nf4 43. Bxf4 Rxf4 44. a3 Ke6 45. Kd2 Rc4 46.
Ne4 h3 47. Ke3 Ke5 48. Nf2 h2 49. Rd1 f5 50. Nd3+ Kf6 51. Rh1 Rc3 52. Rxh2 Rxa3
53. Rh6+ Kg7 54. Rb6 Rb3 55. Rxb7+ Kg6 56. Kd4 a5 57. Rb6+ 1-0

[Event "IX Floripa Chess Open Fort Atacadista"]
[Site "Florianópolis - Santa Catari"]
[Date "2023.01.27"]
[Round "7.114"]
[White "Silveira, Leonardo Eleuterio "]
[Black "Brand, Leticia Soethe"]
[Result "1-0"]
[WhiteElo "2124"]
[BlackElo "1657"]
[PlyCount "145"]
[EventDate "2023.01.23"]
[EventRounds "10"]
[EventCountry "BRA"]

1. Nf3 Nf6 2. c4 e6 3. g3 c5 4. Bg2 Nc6 5. O-O Be7 6. e3 d5 7. d4 O-O 8. Nc3
dxc4 9. Qa4 cxd4 10. exd4 Nxd4 11. Nxd4 Qxd4 12. Be3 Qd6 13. Qxc4 a6 14. Rfd1
Qb4 15. Qe2 Rd8 16. Rxd8+ Bxd8 17. Rd1 Bc7 18. a3 Qe7 19. Qc4 Ne8 20. Bc5 Qf6
21. Be3 e5 22. Nd5 Qd8 23. Qc2 Bd6 24. Nb6 Rb8 25. Qd2 Bg4 26. Rc1 Be6 27. Qc2
Nf6 28. h3 h5 29. b4 a5 30. Rd1 Qe7 31. bxa5 Bxa3 32. Qc3 Bd6 33. Rb1 e4 34.
Bg5 Rd8 35. Qe1 Bf5 36. Bf1 Qe6 37. Bc4 Qe5 38. Rb5 Bc5 39. Be3 Nd7 40. Nxd7
Bxd7 41. Rxc5 Qf6 42. Bg5 Qd4 43. Bxd8 Qxc5 44. Bf1 Bc6 45. Bb6 Qf5 46. Qe3 Qg6
47. h4 Qf6 48. Bd4 Qf5 49. Qg5 Qxg5 50. hxg5 Kh7 51. Bc5 Kg6 52. Be3 f6 53.
gxf6 Kxf6 54. Bf4 Kf5 55. Bc7 Kg4 56. Be2+ Kg5 57. Bd8+ Kg6 58. Kh2 Kh6 59. g4
hxg4 60. Bxg4 Kg6 61. Kg3 Kf7 62. Kf4 g6 63. Ke5 Ke8 64. Bg5 Kf7 65. Be6+ Kg7
66. Bf6+ Kf8 67. Bd5 Bxd5 68. Kxd5 Kf7 69. Bg5 Ke8 70. Kxe4 Kd7 71. Ke5 Kc6 72.
Be3 Kd7 73. Kf6 1-0

[Event "IX Floripa Chess Open Fort Atacadista"]
[Site "Florianópolis - Santa Catari"]
[Date "2023.01.27"]
[Round "7.115"]
[White "Oliveira, Tiago Batista"]
[Black "Muniz, Henrique Rocha"]
[Result "1-0"]
[WhiteElo "2047"]
[BlackElo "1657"]
[PlyCount "57"]
[EventDate "2023.01.23"]
[EventRounds "10"]
[EventCountry "BRA"]

1. d4 Nf6 2. c4 g6 3. Nc3 Bg7 4. e4 d6 5. Be2 Nbd7 6. Nf3 O-O 7. O-O e5 8. Be3
Re8 9. Qc2 Ng4 10. Bg5 f6 11. Bh4 g5 12. Bg3 f5 13. exf5 exd4 14. Nb5 Nf8 15.
Nfxd4 Nh6 16. Bh5 a6 17. Bxe8 axb5 18. Nxb5 Qxe8 19. Nxc7 Qa4 20. Qd2 Ra5 21.
Nd5 Nxf5 22. Nb6 Qc6 23. Qxa5 Be6 24. Rae1 Nd4 25. b3 h5 26. Nd5 Qd7 27. Qb6
Be5 28. Rxe5 Bxd5 29. Rxd5 1-0

[Event "IX Floripa Chess Open Fort Atacadista"]
[Site "Florianópolis - Santa Catari"]
[Date "2023.01.27"]
[Round "7.116"]
[White "Raimundo, Airton Carlos Nunes"]
[Black "Gomes, Marco Tulio Caldeir"]
[Result "1-0"]
[WhiteElo "2023"]
[BlackElo "1645"]
[PlyCount "75"]
[EventDate "2023.01.23"]
[EventRounds "10"]
[EventCountry "BRA"]

1. e4 c5 2. Nc3 e6 3. g3 g6 4. Bg2 Bg7 5. d3 Ne7 6. f4 f5 7. Nf3 a6 8. O-O O-O
9. e5 Nbc6 10. Be3 b6 11. a4 Bb7 12. d4 cxd4 13. Nxd4 Qc7 14. Rf2 Rfd8 15. Ndb5
axb5 16. Nxb5 Qb8 17. Bxb6 Rf8 18. Rd2 Ba6 19. c4 Qb7 20. Bc5 Rad8 21. Bxe7
Qb6+ 22. c5 Qb8 23. Bxc6 dxc6 24. Rxd8 Rxd8 25. Qxd8+ Qxd8 26. Bxd8 cxb5 27.
axb5 Bxb5 28. Be7 Bc6 29. Ra7 h6 30. h4 Bd5 31. b4 Bc6 32. Kf2 Bb5 33. Ke3 Bc6
34. Kd4 Bb5 35. Rc7 Ba6 36. c6 Bf8 37. Bxf8 Kxf8 38. Kc5 1-0